000 00877nas a2200265 4500
001 BR9704743
003 BR-BrBNA
005 20231205100544.0
007 ta
008 230509b bl.|||p| |||| 00| 00por d
040 _aBR-BrBNA
_bpor
_cBiblioteca Nacional de Agricultura
041 _a(Pt)
072 _aL53
100 1 _aLobato, J.F.P.
100 1 _aGiorgis, P.S.
245 1 _aComportamento reprodutivo no outono e inverno de dois grupos raciais de vacas primiparas de corte
650 _aEficiencia Reprodutiva
650 _aParto
650 _aAcasalamento Controlado
650 _aGado Hereford
650 _aPastagem Natural
773 0 _tArquivos da Faculdade de Veterinaria da Universidade Federal do Rio Grande do Sul (Brazil)
_xISSN 0101-5230
_g(1997), v. 25(1) p. 30-39
_wBR9704743
909 _a202311
_bLúcia
_c55
_dLúcia Elande
942 _2AGRIS
_n0
_cANA
999 _c156667
_d156667